000 00427nam a2200193Ia 4500
008 210210b1942 xxu||||| |||| 00| 0 eng d
041 _aeng
082 _a444/438
100 _aCOOPER (N)
245 _aNew book of french verse
260 _aLondon
_bOxford University Press
_c1942
650 _averse
650 _aof
650 _aNew
650 _afrench
650 _abook
690 _aFrench
906 _a006633
999 _c129623
_d129623